[Event "Bundesliga 1617"]
[Site "Germany"]
[Date "2016.11.20"]
[Round "4.3"]
[White "Hracek, Zbynek"]
[Black "Fridman, Daniel"]
[Result "1/2-1/2"]
[WhiteElo "2607"]
[BlackElo "2596"]
[Annotator "Meyer,CD"]
[PlyCount "114"]
[EventDate "2016.10.15"]
[EventType "team-tourn"]
[EventRounds "15"]
[EventCountry "GER"]
[SourceTitle "CBM 176"]
[Source "ChessBase"]
[SourceDate "2017.01.17"]
[SourceVersion "1"]
[SourceVersionDate "2017.01.17"]
[SourceQuality "1"]
[WhiteTeam "Werder Bremen"]
[BlackTeam "Muelheim"]
[WhiteTeamCountry "GER"]
[BlackTeamCountry "GER"]

{HANDGEMENGE IN DER FRANZÖSISCHEN VORSTOSSVARIANTE} 1. e4 e6 2. d4 d5 3. e5 c5
4. c3 Nc6 5. Nf3 Qb6 6. a3 {Um b4 vorzubereiten, ist ebenso logisch wie solide
und scheint nach wie vor die beste Fortsetzung für Weiß zu sein.} (6. Na3 {
Diese Nebenvariante - wenn auch hier zu guter Letzt erfolgreich - ist nicht
unbedingt nachahmenswert:} cxd4 7. cxd4 Bd7 8. Nc2 Nb4 $1 9. Ne3 Bb5 10. a3 Nc6
$146 11. Be2 a6 12. Bxb5 Qxb5 13. Bd2 a5 14. Bc3 Nge7 15. Ng1 Ng6 $6 16. Ne2 f6
$6 17. exf6 gxf6 18. O-O $14 {1-0 (49) Efimenko,Z (2649)-Fridman,D (2635)
Germany 2014 CBM 164 [Meyer,CD]}) 6... Nh6 $5 {Laut Mega Database ist das
geplante ebenso dynamische wie typische Springermanöver Ng8-h6-f5 zwecks
Belagerung des Bauern d4 nach dem geläufigsten und zählebigen Blockadesystem
...c4 die zweithäufigste, indes erfolgreichste Fortsetzung. Theoretisch
bestens geschult verfügt GM Daniel Fridman, dreifacher deutscher Meister und
Nr. 8 der aktuellen Elo-Liste, über ein breites Eröffnungsrepertoire.
Vielleicht hatte Hracek bei seiner Vorbereitung jedoch auf das wagemutige 6...
f6 spekuliert? Siehe nachstehende Partie. Jedenfalls scheinen Fridmans
Erfahrungen mit der Französischen Vorstoßvariante alles andere als gut zu
sein.} ({Hierzu zwei Partien der Kontrahenten: I} 6... c4 7. Nbd2 Na5 8. Rb1 (
8. Be2) (8. g3) 8... Bd7 9. Be2 Ne7 10. Nf1 (10. b4 $5) 10... Qb3 11. Bf4 Qxd1+
12. Bxd1 f6 13. h4 h5 14. Ng3 O-O-O 15. Bc2 {½-½ (15) Hracek,Z (2636)-Baklan,
V (2651) Calimanesti 2014}) ({II} 6... f6 7. Bd3 fxe5 8. dxe5 c4 9. Bc2 g6 10.
Qe2 Bg7 11. Be3 (11. h4) 11... Qc7 12. Bf4 (12. h4 $5 Bd7 (12... Nxe5 $6 13.
Nxe5 Bxe5 14. h5 Ne7 15. Nd2 Bg7 16. hxg6 hxg6 17. Rxh8+ Bxh8 18. O-O-O) (12...
Bxe5 13. Nxe5 Qxe5 14. h5 Nge7 15. Nd2) 13. Nbd2 O-O-O 14. O-O-O $13) 12... Nh6
13. O-O O-O 14. Bg3 Nf5 15. Bxf5 Rxf5 16. Nbd2 Bd7 17. Rfe1 Raf8 18. Nf1 Qd8
19. Rad1 $13 {- 1-0 (42) Dzhumaev,M (2510)-Fridman,D (2639) Tromso 2014}) 7.
Bd3 ({Nicht die erste Wahl. Aus guten Gründen ist} 7. b4 $142 {die weitaus
beliebtere und gehaltvollere Hauptvariante:} cxd4 8. cxd4 (8. Bxh6 gxh6 9. cxd4
Bd7 10. Be2 (10. Ra2)) 8... Nf5 9. Bb2 {(oder 9.Be3) usw. mit zahlreichen
Beispielen aus der Meisterpraxis, aber das ist ein ganz anderes, komplexes
Thema.}) 7... cxd4 8. cxd4 Nf5 9. Bxf5 exf5 10. Nc3 Be6 {Mit dem
Eröffnungsverlauf kann der Nachziehende - einmal mehr - sehr zufrieden sein.
In dieser für Schwarz empfehlenswerten Variante hat Weiß einen relativ
harmlosen Weg einschlagen, seinen "Chefläufer" tauschen und dem Gegner eine
bequeme Stellung überlassen müssen.} 11. O-O Be7 12. Na4 Qd8 13. b4 {Rasche
Aktivität am Damenflügel ist gefragt, da Schwarz seine Expansion auf der
anderen Seite mittels ...g5 schon bald starten wird.} ({Andere Möglichkeiten,
z.B.: I} 13. Qd3 O-O (13... b6) 14. Bd2 (14. Nc5 Bxc5 15. dxc5 d4 16. b4 ({
oder auch} 16. Rd1 Qa5 17. b4 Nxb4 18. Qd2 Nc6 19. Qxa5 Nxa5 20. Nxd4 Rfd8)
16... Qd5 17. Bb2 Rad8 $13 {/=}) 14... Qd7 15. Nc5 $6 (15. Bg5 $142 $1 $13 {/=}
) 15... Bxc5 16. dxc5 d4 $1 $15 {, dennoch bereits remis gegeben in der Partie
Motylev,A (2665) - Bartel,M (2631), Jerusalem 2015}) ({II} 13. Nc5 Bxc5 14.
dxc5 d4 (14... a5 15. Bg5 Qc7 16. Re1 O-O 17. Nd4 a4 18. Qd3) 15. b4 Bc4 16.
Re1 d3 17. e6 fxe6 18. Bb2 O-O 19. Qc1 Bd5 20. Qc3 Qf6 21. Qd2 Qg6 22. Qxd3
Rad8 23. Rad1 a6 $13 {/=}) 13... b6 {Fridman möchte den Schimmel gar nicht
erst nach c5 lassen und schiebt vor einer kurzen Rochade noch den einen und
anderen nützlichen Zug ein.} 14. Be3 {Etwas überraschend, da der Läufer
hier ggf. à tempo durch die Bauernvorstöße ...g5/...f4 angerempelt werden
kann.} ({Zweckmäßiger erscheint mir} 14. Bd2 {, z.B.} Rc8 15. Rc1 O-O 16. Qb3
$13 {/= und weiter:} Qd7 (16... g5 $6 17. b5 $1 Na5 18. Bxa5 bxa5 19. Nc5 $14)
(16... h6 $5) 17. b5 Nb8 18. Bg5 Bxg5 19. Nxg5 h6 20. Nxe6 fxe6 21. g3) 14...
Rc8 ({Räumt Weiß die Option ein, dem Bauernvormarsch g5/f4 mittels Ne1 plus
f2-f4 vorzubeugen. Hitzig wird das Gefecht nach sofortigem} 14... g5 $5 {
. Man sehe beispielsweise:} 15. Qd3 f4 (15... Rc8 16. Rfc1) 16. Bd2 Qd7 17. b5
Nd8 18. Bb4 Bf5 (18... g4 19. Ne1 (19. Bxe7 Bf5 20. Qd2 gxf3 21. Bxd8 Rxd8 22.
Qxf4 Rg8 23. g3 Be4 24. Qh6 Rg6 (24... Qxb5 $2 25. Nc3 Qd7 26. Nxe4 dxe4 27.
Qxh7) 25. Qh5 Qe6 26. Rfc1 Rh6 27. Qg5 Rg6 (27... Qh3 $4 28. Qg8+ $18 Ke7 29.
Rc7+ Rd7 30. Qg5+ f6 31. Qg7+ Ke8 32. Rc8+ Rd8 33. Qg8+) 28. Qh5 Rh6 $11) 19...
Bf5 20. Qd2 Bg5 21. f3 h5 (21... Qxb5 $2 22. Nc3 Qd7 23. fxg4 Bxg4 24. Nf3) 22.
Nc3 $13) 19. Qb3 g4 20. e6 $5 fxe6 21. Ne5 Qb7 22. f3 g3 23. hxg3 fxg3 24. Qe3
$44) 15. Nb2 {Angesichts des gegnerischen Aufmarsches am Königsflügel agiert
Zbynek Hracek gelassen und wechselt seinen Randspringer via b2 nach d3.} ({
Wie zuvor erwähnt, kam statt des folgenden Textzuges} 15. Ne1 f6 (15... Qd7
16. Nd3 g5 17. f4) 16. f4 $13 {auch in Betracht.}) 15... g5 $5 {Endlich nehmen
die Kampfhandlungen konkrete Formen an.} 16. Nd3 $6 ({I Energisches Vorgehen
mittels} 16. b5 $142 {verdiente den Vorzug:} Na5 17. Bd2 O-O (17... Nc4 18. Nd3
g4 19. Nfe1 Nxa3 (19... Nxd2 20. Qxd2 Bg5 21. Nf4) 20. Qa4 Nc4 21. Bb4 $13 {/=}
) 18. Nd3 $13 {/=. Weiter könnte beispielsweise folgen:} f4 19. h4 (19. Bb4
Rc4 20. Bxe7 Qxe7 21. Nb4 g4 22. Ne1 f6 23. g3 f3) 19... h6 20. Bxa5 bxa5 21.
Nc5 $5 g4 (21... Bxc5 22. dxc5 Rxc5 23. hxg5 hxg5 24. Nd4 $44 Qc7 25. Re1 Kg7
26. Qh5 Qd8 27. Rac1 Rxc1 28. Rxc1 Rh8 29. Nxe6+ fxe6 30. Rc7+ Qxc7 31. Qxg5+
Kf8 32. Qf6+ Kg8 33. Qg6+ Qg7 34. Qe8+ $11) 22. Nxe6 fxe6 23. Nh2 h5 24. Nxg4
$1 $11) ({II} 16. Kh1 $143 $6 f4 17. Bc1 $6 (17. Bd2) 17... Qd7 $17 {0-1 (41)
Terzi,A (1820)-Antipov,M (2208) Serpukhov 2009}) 16... f4 $15 17. Bc1 Qd7 18.
Bb2 Nd8 {Zuviel des Lavierens!} ({Nach} 18... O-O $142 19. Rc1 ({oder} 19. Qb3
Bf5) 19... Bf5 {ist Schwarz zweifellos im Vorteil.}) 19. Re1 Bf5 $6 {Fridman
wiegt sich offenbar allzu sehr in Sicherheit und ist unachtsam. Natürlich
möchte er noch Ne6 nachschieben und eine Wunschstellung einnehmen, doch
bietet er dem Gegner damit eine unverhoffte Chance, seine Kräfte merklich zu
aktivieren.} (19... O-O $142 20. h4 h6 $15) 20. e6 $1 {Werders tschechischer
Haudegen wird zu seinem Glück geradezu gezwungen und räumt mit einem
instruktiven Bauernopfer das Feld e5 für einen prächtigen Vorpostenspringer.}
Nxe6 21. Nfe5 $44 {Und schon "werden die Karten wieder neu gemischt", und -
wie sich gleich zeigt - gerät Fridman aus dem Konzept.} Qb7 22. h4 $5 {
Zwecks Lockerung der schwarzen Königsflügelbauern. Damit beginnt die
kritische und schwierigste Phase der Partie.} (22. b5 O-O 23. Nc6 {bot sich
auch an,} Bf6 24. Qb3 {und Weiß mag ausreichend Kompensation haben.}) 22... g4
$6 {Erst verliert Fridman den Faden und dann den Boden unter den Füßen. Nun
zerbröckelt die stolze Bauernfront, der unrochierte Monarch verbleibt in der
Mitte und es entwickelt sich ein wildes Handgemenge, bei dem die schwarze
Stellung freilich schwerer zu behandeln ist.} ({Interessante Alternativen: I} 
22... Rg8 23. b5 $1 (23. Qh5 Rg7 24. hxg5) 23... Kf8 (23... gxh4 24. Qh5) (
23... g4 24. Nc6 $1) 24. Rc1 (24. Qh5 Rg7) 24... Rxc1 25. Bxc1 f6 26. Ng4 Kg7
27. hxg5 fxg5 28. Nge5 Bd6 29. Nc6 Re8 30. Nde5 Qc8 31. Bb2 $13) ({II} 22... h6
$5 23. b5 (23. Qh5 Bf6 $13) 23... O-O 24. Nc6 Bf6 25. Ndb4 Qd7 26. Qb3 (26.
Nxd5 $6 Qxd5 27. Re5 Qxc6 $1 28. bxc6 Bxe5 29. dxe5 Rxc6 $15) 26... Nc7 27.
Nxa7 Rce8 28. Nac6 gxh4 29. Ne5 Bxe5 (29... Qxb5 $2 30. a4 $1 Qa5 31. Nbc6 Qa8
32. Ba3) 30. dxe5 $13) ({III} 22... O-O $5 23. b5 h6 (23... f6 $13) (23... Kh8
24. Nc6 $13) 24. Nc6 $13 {wie in voriger Variante}) 23. Nxg4 h5 24. Nge5 Be4
25. Rc1 Rxc1 $6 ({In dieser hochkomplizierten Lage war mit} 25... Rg8 $142 $1 {
- wie unsere Silikon-Freunde errechnen - der Laden gerade noch
zusammenzuhalten:} 26. Rxc8+ Qxc8 27. f3 Bf5 28. Qb3 Bxh4 29. Re2 f6 30. Qxd5
fxe5 31. Nxe5 Rg5 32. Qd6 Bh3 33. Nc6 Rxg2+ 34. Rxg2 Bxg2 35. Kxg2 Qd7 $11) 26.
Bxc1 Rg8 27. f3 Bxh4 (27... Bf5 28. Nxf4 Bxh4 29. Re2 f6 30. Nc4 $1 dxc4 (30...
Qd7 31. Ne3) 31. d5 $16) 28. fxe4 Bxe1 29. Nxe1 dxe4 30. d5 Rg5 31. Bb2 $6 ({
Hracek gibt seinen Vorteil wieder aus der Hand, der durch} 31. dxe6 $142 Rxe5
32. Bxf4 Rxe6 33. Nc2 $1 {festzuhalten war, z.B.} Qe7 (33... e3 34. Nxe3 Qe4
35. Bg5 $16) 34. Ne3 Qh4 35. g3 Rg6 36. Qa4+ Kd8 37. Ng2 Qe7 38. Qd1+ Qd7 39.
Qxh5 $16) 31... Nf8 $2 ({Ein böser Fehler, der zu Fridmans Glück nicht
geahndet wird. Eine ebenso kaltblütige wie gekonnte Verteidigung war dagegen} 
31... f6 $1 {mit der möglichen Transformation bis zu einem nahezu
ausgeglichenen Endspiel} 32. dxe6 (32. Nc6 Rf5) 32... fxe5 33. Qd6 f3 34. Bc1 (
34. Bxe5 Rg6 35. Bg3 Qc8) 34... Rg6 35. Qxe5 Qe7 36. Qxe4 Rxe6 37. Qa8+ Qd8 38.
Qxd8+ Kxd8 39. Nxf3 $14 {/=}) 32. Qd4 $5 {Gut, aber nicht zwingend.} ({Einer
Hinrichtung gleich käme} 32. Qc2 $142 $1 f5 (32... Rxe5 33. Bxe5 Qxd5 34. Qc8+
Ke7 35. Bxf4 $18) 33. d6 $18 {, z.B.} b5 (33... f3 34. Bc1 $1 Rg8 (34... Rg7
35. Bh6) 35. Qa2 Rg7 36. Bh6 Rh7 (36... Rf7 37. Bxf8 Rxf8 38. Qe6+ Kd8 39. b5)
37. Qg8) 34. Bc1 $1 ({Umständlicher ist} 34. Qc7 Rg7 $8 35. Qc3) 34... Nd7 (
34... e3 35. N1f3 Rg7 36. Qxf5) 35. Bxf4) 32... f6 33. Nc6 Qd7 (33... Qh7 34.
Qxf6 Rxd5 35. Qxf4 {(+-)}) 34. Qxe4+ Kf7 35. Qxf4 $2 {Kurz vor der
Zeitkontrolle verliert auch Hracek den Überblick und vergibt zum wiederholten
und letzten Mal eine durchschlagende Fortsetzung.} ({Nach} 35. Nd3 $142 $1 {
hätte die Verteidigung immer noch Schwierigkeiten, auf Dauer standzuhalten, z.
B.} Qf5 (35... Rxd5 $143 36. Nxf4 Rg5 37. Qf3 h4 (37... Qd6 38. Nxh5 Nd7 (38...
Nh7 39. Nf4) 39. Nf4 $18) 38. Nh5 ({oder auch} 38. Qb3+ Kg7 39. Nd4) 38... Qf5
39. Nd8+ Kg6 40. Nf4+ Kh7 41. Nh3 Rh5 42. Qe2 $1 $18) 36. Qxf4 ({oder auch} 36.
Qe7+ $5 Kg8 (36... Kg6 $143 37. Nce5+ fxe5 38. Nxe5+ Kh6 39. Nf7+ Kg6 40. Nxg5
Qb1+ 41. Kh2 Qxb2 42. d6 Nd7 (42... Qc3 43. Ne4 $18) 43. Nf3 $18) 37. Qxf6)
36... Qxf4 37. Nxf4 $16 {mit großem weißem Endspielvorteil.}) 35... Rf5 $14 {
Der dichte Pulverdampf hat sich verzogen und Schwarz scheint mit einem blauen
Auge davonzukommen.} 36. Qe3 {Ebenso mögen 36.Qh6, 36.Qc4 und Qd4 etwa
gleichwertige Kandidaten sein.} Rxd5 37. Nd4 Qe8 (37... Ng6) 38. Qxe8+ $6 (38.
Qf2 $14) 38... Kxe8 39. Kf2 $11 {Die Luft ist endgültig raus und die
Kombattanten treiben in den Remishafen.} Kd7 ({Oder auch} 39... Ne6 40. Nef3 (
40. Nxe6 Rd2+ 41. Ke3 Rxb2 42. Nd4 Kf7) 40... Kf7) 40. Nef3 Ne6 41. Ne2 Ke7 42.
Ke3 Rd8 43. Ng3 Rg8 44. Nxh5 Rxg2 45. Bxf6+ Kd6 46. Nd2 Kc6 47. a4 Rg4 48. Bc3
Rg5 49. b5+ Kb7 50. Nf4 Rg3+ 51. Kf2 Nxf4 52. Kxg3 Ne2+ 53. Kf3 Nxc3 54. Ke3
Nxa4 55. Kd4 Nc5 56. Kd5 Kc7 57. Nf3 a6 1/2-1/2